مكتبة جامعة عجلون الوطنية

فهرس بحث المكتبة

أثر التحول الإلكتروني على جودة الخدمات المقدمة في امانة عمان الكبرى، الثقافة الرقمية : كمتغير معدل = The Impact of Electronic Transformation on the Quality of Services Provided in the Greater Amman Municipality، Digital Culture : as a Moderating Variable / (Record no. 33414)

MARC details
000 -LEADER
fixed length control field 01244nam a22002057a 4500
003 - CONTROL NUMBER IDENTIFIER
control field JO-AjAnu
005 - DATE AND TIME OF LATEST TRANSACTION
control field 20240605122505.0
008 - FIXED-LENGTH DATA ELEMENTS--GENERAL INFORMATION
fixed length control field 240403b jo ||||| |||| 00| 0 ara d
040 ## - CATALOGING SOURCE
Original cataloging agency JO-AjAnu
Transcribing agency JO-AjAnu
041 #0 - LANGUAGE CODE
Language code of text/sound track or separate title ara
050 ## - LIBRARY OF CONGRESS CALL NUMBER
Classification number JO1833
Item number 2023
100 #1 - MAIN ENTRY--PERSONAL NAME
Personal name خليفات، راية محمود عبدالكريم
9 (RLIN) 65276
Relator term معد
245 #0 - TITLE STATEMENT
Title أثر التحول الإلكتروني على جودة الخدمات المقدمة في امانة عمان الكبرى، الثقافة الرقمية : كمتغير معدل = The Impact of Electronic Transformation on the Quality of Services Provided in the Greater Amman Municipality، Digital Culture : as a Moderating Variable /
Statement of responsibility, etc. اعداد راية محمود عبدالكريم خليفات ؛ إشراف بدر عايد القعيد
260 ## - PUBLICATION, DISTRIBUTION, ETC.
Date of publication, distribution, etc. 2023
300 ## - PHYSICAL DESCRIPTION
Extent 116ورقة
500 ## - GENERAL NOTE
General note رسالة جامعية(ماجستير).- جامعةعجلون الوطنية (عجلون، الأردن) ، كليةالأعمال، تخصص إدارة الاعمال ، 2023.
650 70 - SUBJECT ADDED ENTRY--TOPICAL TERM
Topical term or geographic name entry element الحكومة الالكترونية - امانة عمان الكبرى
9 (RLIN) 65277
700 #1 - ADDED ENTRY--PERSONAL NAME
Personal name القعيد، بدر عايد
9 (RLIN) 64879
Relator term مشرف
942 ## - ADDED ENTRY ELEMENTS (KOHA)
Source of classification or shelving scheme Library of Congress Classification
Koha item type Thesis
Suppress in OPAC No
Holdings
Withdrawn status Lost status Source of classification or shelving scheme Damaged status Not for loan Home library Current library Date acquired Total Checkouts Full call number Barcode Date last seen Price effective from Koha item type
    Library of Congress Classification     مكتبة جامعة عجلون الوطنية مكتبة جامعة عجلون الوطنية 03/04/2024   JO1833.2023 A29587 03/04/2024 03/04/2024 Thesis
    Library of Congress Classification     مكتبة جامعة عجلون الوطنية مكتبة جامعة عجلون الوطنية 03/04/2024   JO1833.2023 A29586 03/04/2024 03/04/2024 Thesis